Vygotsky y la educacion: connotaciones y aplicaciones de la psicología sociohistórica en la educación /

Detalhes bibliográficos
Autor principal: Moll Luis C.
Formato: Livro
Idioma:espanhol
Publicado em: Argentina : Aique Grupo Editor, 1990
Edição:2da edición
Assuntos:

MARC

LEADER 00000nam a2200000Ia 4500
008 160204b1990 cr ||||| |||| 00| | spa d
999 |c 344  |d 344 
020 |a 950701215X 
090 |a 05.01.01   |b 1705 
100 1 |a Moll Luis C.  |9 1412 
245 1 0 |a Vygotsky y la educacion: connotaciones y aplicaciones de la psicología sociohistórica en la educación /   |c Luis C. Moll (compilador) 
250 |a 2da edición 
260 |a Argentina :   |b Aique Grupo Editor,   |c 1990 
300 |a 487 páginas 
600 1 4 |9 906  |a VYGOTSKY, LEV SEMIONOVICH  
650 1 4 |a PSICOLOGÍA DE LA EDUCACIÓN  |9 625 
942 |i 003161   |h 05.01.01 1705  |2 z  |c 01